| 000 | 00696pam a2200241 a 4500 | ||
|---|---|---|---|
| 001 | 012950465 | ||
| 003 | Uk | ||
| 005 | 20130130143210.0 | ||
| 008 | 040609s2004 enkk 000 0 eng d | ||
| 020 | _a1854182994 (pbk.) : | ||
| 020 | _a9781854182999 (pbk.) : | ||
| 082 | 0 | 4 |
_a658.88 _222 _bMAS |
| 100 | 1 |
_aMason, Roger, _d1944- _932185 |
|
| 245 | 1 | 4 |
_aThe Credit Controller's Desktop Guide / _cRoger Mason. |
| 250 | _a2nd ed. | ||
| 260 |
_aLondon : _bThorogood, _c2004. |
||
| 300 |
_a325 p. : _bforms ; _c23 cm. |
||
| 500 | _aPrevious ed.: 1999. | ||
| 500 |
_aFormerly CIP. _5Uk |
||
| 650 | 0 |
_aCredit control _vHandbooks, manuals, etc. _932186 |
|
| 653 |
_bEco _cJanuary2013 |
||
| 942 |
_2ddc _cBB |
||
| 999 |
_c17181 _d17153 |
||